000 00611nam a2200193Ia 4500
003 GCL
008 140319s9999 xx 000 0 ara d
040 _aGCL /
_cGCL
082 0 4 _a839.7
_bس ا
100 1 _aسترندبرج، اوجست
245 1 0 _aالاب ومس جوليا /
_cسترندبرج، اوجست
700 1 _aعبدالحليم البشلاوى
260 _a[S.N] :
_bمكتبة مصر ،
_c1980
300 _a194 ص
490 _aمكتبة الفنون الدرامية
_v0
650 0 4 _aالادب السويدى
650 0 4 _aالمسرحيات السويدية
942 _2ddc
_cBK
999 _c34738
_d34738